|
|
|
|
| LEADER |
00000nab a2200000 a 4500 |
| 001 |
vtls011132939 |
| 003 |
SK-MaSNL |
| 005 |
20260303151054.0 |
| 008 |
230222|1976 xo |||||||||||||||||slo| |
| 015 |
|
|
|a SNBRB
|
| 035 |
|
|
|a (uuid)9b06aa91-9d8e-482e-8af8-cddbec7b7ca2
|
| 035 |
|
|
|a (urnnbn)urn:nbn:sk:snk:ar-a09n2q
|
| 035 |
|
|
|a urn:nbn:sk:snk-abaant
|
| 040 |
|
|
|a SNKBUCL
|b slo
|c SNKBUCL
|e AACR2
|
| 041 |
0 |
|
|a slo
|
| 044 |
|
|
|a xo
|c SK
|
| 100 |
1 |
|
|a Macko, Ferdinand
|4 aut
|9 377602
|
| 245 |
1 |
0 |
|a O PROBLÉMOCH ŽIVOTNEJ ÚROVNE LESNÝCH ROBOTNÍKOV SSR
|c Ferdinand Macko
|
| 773 |
0 |
|
|t Zborník vedeckých prác Lesníckej fakulty Vysokej školy lesníckej a drevárskej vo Zvolene
|g Roč. 18, č. 1 (1976), s. 93-116
|
| 954 |
|
|
|a odborná, vedecká literatúra pôvodná (slovenská)
|2 lita
|
| 958 |
|
|
|a OND
|
| 958 |
|
|
|a EUIPO
|
| 958 |
|
|
|a article13
|
| 999 |
|
|
|c 2015721
|d 2017651
|